000 00655nam a2200193Ia 4500
005 20250508160147.0
008 008 250505s9999 xx 000 0 eng d
037 _aBooks to be hide in OPAC
040 _aFEDL
_beng
_cFEDL
041 _aeng
_2eng
084 _a371.2, CAL/O
_qFEDL
100 _aWilliams J Harold
_9757545
245 0 _aReorganizing a county system of rural schools: Report of a study of the schools of san mateo county, Calfornia
260 _aWashington, USA
_bU.S. Government Printing Office
_c1916
300 _a50p.
546 _aBulletin, 1916, No. 16
942 _cHB
_h371.2, CAL/O
999 _c1362314
_d1362314